000 00965nam a2200289 4500
003 OSt
005 20260530113907.0
008 260420b1985 xxua|||| |||| 00| 0 eng d
020 _a0936658207
040 _aICI
_bspa
_cICI
041 _aeng
050 _aHD58.7
_bN44
100 1 _aWilliams, Cecil,
_eautor
_932939
245 1 0 _aThe Negotiable Environment /
_bPeople, Work - Collar ; Work, and the office
_cDavid Armstrong ; Clark Malcolm
260 _aMichigan
_bFacility Management Institute,
_c1985
264 1 _bFacility Management Institute
_c1985
_aMichigan
300 _a82 páginas
_bilustraciones
336 _atexto
_2rdacontent
337 _asin medio
_2rdamedia
338 _avolumen
_2rdacarrier
650 _aArquitectura
_xAspectos sociales.
_932940
650 _aDiseño ambiental.
_932941
650 _aEspacio (Arquitectura).
_932942
650 _aDiseño urbano.
_920844
650 _aInteracción persona-entorno.
_932943
942 _2lcc
_cBK
999 _c11998
_d11998